The philosophy of sociality :the shared point of view / (Record no. 2243)

000 -LEADER
fixed length control field 01434cam a2200313 a 4500
001 - CONTROL NUMBER
control field 14779116
003 - CONTROL NUMBER IDENTIFIER
control field OSt
005 - DATE AND TIME OF LATEST TRANSACTION
control field 20160704090444.0
008 - FIXED-LENGTH DATA ELEMENTS--GENERAL INFORMATION
fixed length control field 070322s2007 enk b 001 0 eng
010 ## - LIBRARY OF CONGRESS CONTROL NUMBER
LC control number 2007012015
020 ## - INTERNATIONAL STANDARD BOOK NUMBER
International Standard Book Number 9780195313390
040 ## - CATALOGING SOURCE
Original cataloging agency DLC
Transcribing agency DLC
Modifying agency DLC
050 00 - LIBRARY OF CONGRESS CALL NUMBER
Classification number HM866..T864 2007
082 00 - DEWEY DECIMAL CLASSIFICATION NUMBER
Classification number 302.3
Edition number 22
100 1# - MAIN ENTRY--PERSONAL NAME
Personal name Tuomela, Raimo.
245 14 - TITLE STATEMENT
Title The philosophy of sociality :the shared point of view /
Statement of responsibility, etc Raimo Tuomela.
260 ## - PUBLICATION, DISTRIBUTION, ETC. (IMPRINT)
Place of publication, distribution, etc Oxford [England] ;
-- New York :
Name of publisher, distributor, etc Oxford University Press,
Date of publication, distribution, etc c2007.
300 ## - PHYSICAL DESCRIPTION
Extent viii, 318 p. ;
Dimensions 24 cm.
504 ## - BIBLIOGRAPHY, ETC. NOTE
Bibliography, etc Includes bibliographical references (p. 302-310) and index.
505 0# - FORMATTED CONTENTS NOTE
Formatted contents note Acting as a group member -- The we-mode and the I-mode -- Shared we-attitudes in the I-mode -- Joint intention and we-intention -- Joint social action -- Group action and group attitudes -- Cooperation -- Social institutions -- Cultural evolution of cooperative social activities -- Group responsibility.
650 #0 - SUBJECT ADDED ENTRY--TOPICAL TERM
Topical term or geographic name as entry element Collective behavior.
650 #0 - SUBJECT ADDED ENTRY--TOPICAL TERM
Topical term or geographic name as entry element Social groups.
650 #0 - SUBJECT ADDED ENTRY--TOPICAL TERM
Topical term or geographic name as entry element Social action.
650 #0 - SUBJECT ADDED ENTRY--TOPICAL TERM
Topical term or geographic name as entry element Social epistemology.
856 41 - ELECTRONIC LOCATION AND ACCESS
Materials specified Table of contents only
Uniform Resource Identifier <a href="http://www.loc.gov/catdir/toc/ecip0714/2007012015.html">http://www.loc.gov/catdir/toc/ecip0714/2007012015.html</a>
906 ## - LOCAL DATA ELEMENT F, LDF (RLIN)
a 7
b cbc
c orignew
d 1
e ecip
f 20
g y-gencatlg
942 ## - ADDED ENTRY ELEMENTS (KOHA)
Source of classification or shelving scheme
Koha item type Book
Holdings
Withdrawn status Lost status Source of classification or shelving scheme Damaged status Not for loan Home library Current library Shelving location Date acquired Total Checkouts Full call number Barcode Date last seen Copy number Price effective from Koha item type
          Riara University Library Riara University Library General stack 04/07/2016   HM866..T864 2007 7304/16 04/07/2016 C.1 04/07/2016 Book

Riara University Library,
P.O. Box 49940-00100,
Nairobi, Kenya.